Video Games by Plot Description - Statistics

General Stats
  • This quiz has been taken 13 times
  • The average score is 11 of 20
Answer Stats
Hint Answer % Correct
A night guard survives each shift in a pizzaria where the tormented souls of murdered children inhabit sentient animatronics Five Nights at Freddy's
100%
A lone marine fights through a secret base on the moon Phobos which has been overwhelmed by demons Doom (1993)
77%
Teen falsely convicted of assault transfers to a school in Tokyo where he awakens to the ability to visit corrupt criminals' mental palaces Persona 5
77%
A child escapes into the basement through a trapdoor when his mother receives a biblical message to sacrifice her own son The Binding of Isaac
77%
Drawn out of retirement by an unwelcome visitor, a Greek god and his son attempt to honour his late wife's request while being pursued by angry gods God of War (2018)
69%
A spaceship crashes on an oceanic planet, and the survivor must live in the submerged wilderness while finding a way off the planet Subnautica
69%
A child falls through a hole in a mountainside and discovers a subterranean world of monsters, intent on escaping their mountain prison Undertale
69%
Ages after a ruinous civil war caused by the "Shattering", an exile returns to the land, slaying the demigods that used to rule it Elden Ring
62%
Bogged down by corporate life, a disillusioned employee moves to a country town to restore their grandfather's derelict farm Stardew Valley
62%
Saved from execution at the last second by a dragon attack, a rebel masters the Way of the Voice to slay the dragon in question The Elder Scrolls V: Skyrim
62%
A young woman stubbornly climbs a mountain to overcome her anxiety and depression, personified as her evil alter ego Celeste
54%
A gangster returns to his home city and is framed for homicide by corrupt cops. He journeys across the state, rebuilding relationships and reclaiming his territory Grand Theft Auto: San Andreas
46%
Captured hero escapes from a mind flayer ship and forms an unlikely partnership with the other survivors to seek a cure for their implanted parasites Baldur's Gate 3
38%
204 years after an apocalyptic nuclear war, factions of warlords vie for control over the Mojave Desert Fallout: New Vegas
38%
The survivor of a plane crash searches for his son on a forested island full of cannibals and bloodthirsty, mutated humans The Forest
38%
A cult of blood transfusion discovers their practice is turning men into beasts, and founds a league of hunters to deal with them Bloodborne
31%
A government agent travels to a remote Spanish village to rescue the president's daughter from a cult that mind-controls victims using parasites Resident Evil 4
31%
Having died in battle 100 years ago, a renowned hero is resurrected to find his kingdom in ruin and his princess in danger The Legend of Zelda: Breath of the Wild
31%
In the unpopulated New World, a hunter is summoned by the Research Commission to study, hunt and capture the land's massive and dangerous monsters Monster Hunter: World
23%
In a ruined religious kingdom affected by the "Haunting", a female warrior escapes capture and travels to the citadel to uncover the reason for her kidnapping Hollow Knight: Silksong
15%
No matching quizzes found
Score Distribution
Percent of People with Each Score
Percentile by Number Answered
Your Score History
You have not taken this quiz